000
00214nam a22000857a 4500
008
160702b xxu||||| |||| 00| 0 eng d
100
_9
1884
_a
Om Kidz
245
_a
365 Bed time stories
260
_a
New Delhi
_b
Om Kidz
_c
2012
999
_c
1586
_d
1586